Industrial Relations & Labour Laws for Managers (Record no. 13243)

MARC details
000 -LEADER
fixed length control field 00442nam a22001697a 4500
003 - CONTROL NUMBER IDENTIFIER
control field OSt
008 - FIXED-LENGTH DATA ELEMENTS--GENERAL INFORMATION
fixed length control field 250403b |||||||| |||| 00| 0 eng d
020 ## - INTERNATIONAL STANDARD BOOK NUMBER
International Standard Book Number 9789356226944
082 ## - DEWEY DECIMAL CLASSIFICATION NUMBER
Classification number 331.0954 GUI
100 ## - MAIN ENTRY--PERSONAL NAME
Personal name GUPTA, Parul
245 ## - TITLE STATEMENT
Title Industrial Relations & Labour Laws for Managers
250 ## - EDITION STATEMENT
Edition statement 2nd. ed.,
260 ## - PUBLICATION, DISTRIBUTION, ETC. (IMPRINT)
Place of publication, distribution, etc New Delhi,
Name of publisher, distributor, etc Taxmann's Publications Pvt. Ltd.
Date of publication, distribution, etc 2023,
300 ## - PHYSICAL DESCRIPTION
Extent 584 p.
650 ## - SUBJECT ADDED ENTRY--TOPICAL TERM
Topical term or geographic name as entry element Commerce
942 ## - ADDED ENTRY ELEMENTS (KOHA)
Source of classification or shelving scheme Dewey Decimal Classification
Koha item type Text Books
Holdings
Withdrawn status Lost status Source of classification or shelving scheme Damaged status Not for loan Collection code Home library Current library Date acquired Source of acquisition Currency Cost, normal purchase price Bill Number Total Checkouts Full call number Acc. no. / Barcode Date last seen Actual Cost, discounted price Bill Date Koha item type
    Dewey Decimal Classification     B.Com. Hons PIET NCR College Library PIET NCR College Library 28/03/2025 Zafaa Books & Distributers In Rupees 750.00 ZBD0583   331.0954 GUI N3848 03/04/2025 525.00 28/03/2025 Reference Books
    Dewey Decimal Classification     B.Com. Hons PIET NCR College Library PIET NCR College Library 28/03/2025 Zafaa Books & Distributers In Rupees 750.00 ZBD0583   331.0954 GUI N3849 03/04/2025 525.00 28/03/2025 Text Books
    Dewey Decimal Classification     B.Com. Hons PIET NCR College Library PIET NCR College Library 28/03/2025 Zafaa Books & Distributers In Rupees 750.00 ZBD0583   331.0954 GUI N3850 03/04/2025 525.00 28/03/2025 Text Books

Design & Developed by: PIET Central Library
R70 Miles Stone Pattikalyana Samalkha Panipat 132102
mail ID :- [email protected], Phone No:- 0180-2569700 Ex.216